| 000 | 00544nam a2200181 i 4500 | ||
|---|---|---|---|
| 001 | 84299 | ||
| 003 | ES-MaACL | ||
| 005 | 20250926063050.0 | ||
| 007 | t| | ||
| 008 | 041122s1909 xxu ||||1| eng d | ||
| 100 | 1 |
_aJames, William, _d1842-1910 _965978 |
|
| 245 | 1 | 4 |
_aThe meaning of truth _b: a sequel to "Pragmatism" / _cby William James. |
| 260 |
_aNew York ; _a[Cambridge : _bs.n.], _c1909. |
||
| 300 |
_aXXII, 298 p. ; _c22 cm. |
||
| 650 | 0 | 7 |
_aPragmatismo _2embne _916336 |
| 852 |
_aES-MaACL _jG-11720 |
||
| 999 |
_c84299 _d84299 |
||